000 00593nam a2200229Ia 4500
003 OSt
005 20220923213814.0
006 a|||||r|||| 00| 0
007 ta
008 220922b |||||||| |||| 00| 0 hin d
024 _a164,678
037 _cTextual
040 _aARTS
_cARTS
_bhin
041 _2hin
_ahin
082 _aO152:1M92x, J5
100 _aराय, कृष्णदास
245 0 _aभावुक
246 _aBhāvuka
260 _c1955
942 _hO152:1M92x, J5
_cTEXL
_2CC
999 _c319157
_d319157